Famous People Named Andrew - Statistics

General Stats
  • This quiz has been taken 320 times
    78 since last reset
  • The average score is 12 of 24
Answer Stats
Life Hint Person % Correct
1767–1845 7th president of the United States Andrew Jackson
97%
1808–1875 17th president of the United States Andrew Johnson
81%
1935– Played Mary Poppins and Maria von Trapp Julie Andrews
80%
1928–1987 Pop art, The Factory, "15 minutes of fame", soup cans Andy Warhol
77%
1948– Cats, Phantom of the Opera, Evita Andrew Lloyd Webber
69%
1983– Played Spider-Man Andrew Garfield
68%
1835–1919 Steel magnate and philanthropist Andrew Carnegie
65%
1958–1988 Brother of Barry, Robin, and Maurice who sang "Shadow Dancing" Andy Gibb
65%
1987– #1 men's singles tennis player in 2016 Andy Murray
52%
1957– Governor of New York from 2011 to 2021 Andrew Cuomo
51%
1958– Actress in Groundhog Day and Sex, Lies, and Videotape Andie MacDowell
47%
1964– Actor best known for his performance capture roles, like Gollum Andy Serkis
45%
1956– Actor in The Untouchables and Ocean's Eleven Andy Garcia
44%
1986– Internet celebrity and former kickboxer arrested in Romania Andrew Tate
43%
1927–2012 Sang "Moon River" and had his own show Andy Williams
43%
1926–2012 Starred in Matlock and his own show Andy Griffith
39%
1957– Brash comedian known as "The Diceman" Andrew Dice Clay
37%
1963– One half of Wham!, along with George Michael Andrew Ridgeley
37%
1919–2011 Appeared on 60 Minutes 1,097 times over a period of 33 years Andy Rooney
32%
1978– Member of The Lonely Island and SNL Andy Samberg
28%
1965– NewsRadio comedian with legal troubles Andy Dick
23%
1962– Brat Pack member who was in St. Elmo's Fire and Pretty in Pink Andrew McCarthy
21%
1966– Conan O'Brien's sidekick Andy Richter
21%
1949–1984 Foreign Man, Mighty Mouse, Tony Clifton Andy Kaufman
19%
No matching quizzes found
Score Distribution
Percent of People with Each Score
Percentile by Number Answered
Your Score History
You have not taken this quiz since the last reset